[Event "Oberliga Ost-A 1718"]
[Site "Germany"]
[Date "2018.02.03"]
[Round "6.8"]
[White "Richter, Philipp1111"]
[Black "Wolf, Mario"]
[Result "1/2-1/2"]
[WhiteElo "1795"]
[BlackElo "1968"]
[PlyCount "45"]
[EventDate "2017.10.22"]
[EventType "team-tourn"]
[EventRounds "11"]
[EventCountry "GER"]
[SourceTitle "EXT 2019"]
[Source "ChessBase"]
[SourceDate "2018.10.10"]
[SourceVersion "1"]
[SourceVersionDate "2018.10.10"]
[SourceQuality "1"]
[WhiteTeam "Dresden USV TU II"]
[BlackTeam "Coswig TuS"]
[WhiteTeamCountry "GER"]
[BlackTeamCountry "GER"]

1. d4 Nf6 2. c4 e6 3. Nc3 Bb4 4. e3 0-0 5. Nge2 d5 6. a3 Be7 7. Nf4 c6 8. cxd5 cxd5 9. Bd3 Nc6 10. 0-0 Bd7 11. b4 Rc8 12. Bb2 a6 13. Na4 Nb8 14. Nc5 Qb6 15. Qe2 Bb5 16. Bxb5 axb5 17. Rac1 Na6 18. Nfd3 Rc7 19. Rc3 Rfc8 20. Rfc1 Ne8 21. g3 Nd6 22. Ne5 Nc4 23. f4 1/2-1/2

[Event "Oberliga Ost-A 1415"]
[Site "Germany"]
[Date "2015.04.12"]
[Round "11.8"]
[White "Wolf, Mario"]
[Black "Kuna, Ralf Michael"]
[Result "0-1"]
[WhiteElo "2029"]
[BlackElo "2162"]
[PlyCount "192"]
[EventDate "2014.09.21"]
[EventType "team-tourn"]
[EventRounds "11"]
[EventCountry "GER"]
[SourceTitle "EXT 2016"]
[Source "ChessBase"]
[SourceDate "2015.10.08"]
[SourceVersion "1"]
[SourceVersionDate "2015.10.08"]
[SourceQuality "1"]
[WhiteTeam "Coswig"]
[BlackTeam "Magdeburg Rochade"]
[WhiteTeamCountry "GER"]
[BlackTeamCountry "GER"]

1. d4 Nf6 2. c4 e6 3. Nc3 Bb4 4. e3 c5 5. Bd3 Nc6 6. Nf3 Bxc3+ 7. bxc3 d6 8. e4 e5 9. d5 Ne7 10. 0-0 h6 11. Ne1 Ng6 12. Nc2 Nf4 13. Ne3 g5 14. g3 Bh3 15. Re1 Nxd3 16. Qxd3 h5 17. f3 Bd7 18. Bd2 Nh7 19. Ng2 f6 20. Re2 Nf8 21. f4 h4 22. f5 hxg3 23. hxg3 Qe7 24. Qf3 0-0-0 25. Ne3 Be8 26. Rh2 Qg7 27. Rxh8 Qxh8 28. Kg2 Rd7 29. Rh1 Rh7 30. Kg1 Kd8 31. Rxh7 Qxh7 32. Qh1 Qxh1+ 33. Kxh1 Bh5 34. g4 Be8 35. Kg2 Ba4 36. Kf2 Kc7 37. Ke2 Kb6 38. Bc1 Ka5 39. Kd2 Be8 40. Kc2 a6 41. Nf1 Ba4+ 42. Kd2 Kb6 43. Ng3 Bd7 44. Kc2 Ba4+ 45. Kd2 Kc7 46. Nf1 Nd7 47. Ne3 Kd8 48. Kd3 Ke7 49. Bd2 Nb6 50. Be1 Be8 51. Kc2 Ba4+ 52. Kd2 Nc8 53. Bf2 b5 54. cxb5 axb5 55. Be1 Kd7 56. Nf1 Nb6 57. Ne3 Kc7 58. Kc1 Nd7 59. Nf1 Kb7 60. Ng3 Kc7 61. Nh5 Kd8 62. Ng3 Nb8 63. Nf1 Na6 64. Ne3 Kc7 65. Nd1 Kd7 66. Ne3 Nc7 67. Kb2 Na8 68. Ka3 Nb6 69. Kb2 Ke7 70. Kc1 Nd7 71. Nf1 Ke8 72. Bd2 Ke7 73. Be1 Nb6 74. Ne3 Nc8 75. Kb2 Kd7 76. Kc1 Nb6 77. Bd2 Ke7 78. Be1 Nd7 79. Bd2 c4 80. Nf1 Nc5 81. Be3 Nxe4 82. Bd2 Nf2 83. Ne3 Nd3+ 84. Kb1 Kd7 85. Bc1 Nf2 86. Bd2 Bd1 87. Be1 Nd3 88. Nxd1 Nxe1 89. Ne3 Kc7 90. a4 Kb6 91. Kc1 Nd3+ 92. Kd2 Nf4 93. Kc1 Kc5 94. a5 Nxd5 95. a6 Nc7 96. a7 d5 0-1

[Event "Berlin Lichtenrade op 08th"]
[Site "Berlin"]
[Date "2012.09.29"]
[Round "1"]
[White "Wolf, Mario"]
[Black "Von Herman, Ulf"]
[Result "0-1"]
[WhiteElo "1767"]
[BlackElo "2416"]
[PlyCount "60"]
[EventDate "2012.09.29"]
[EventType "swiss"]
[EventRounds "9"]
[EventCountry "GER"]
[SourceTitle "CBM 150 Extra"]
[Source "ChessBase"]
[SourceDate "2012.10.19"]
[SourceVersion "1"]
[SourceVersionDate "2012.10.19"]
[SourceQuality "1"]

1. c4 c5 2. Nc3 Nc6 3. g3 g6 4. Bg2 Bg7 5. Nf3 Nh6 6. d3 Nf5 7. g4 Nfd4 8. e3 Nxf3+ 9. Bxf3 a6 10. Bxc6 bxc6 11. e4 Rb8 12. Qc2 0-0 13. 0-0 d6 14. f3 f5 15. exf5 gxf5 16. g5 f4 17. Bd2 Bh3 18. Kh1 Qe8 19. Rae1 Qh5 20. b3 Bxf1 21. Rxf1 Bxc3 22. Bxc3 Rf5 23. Qe2 e5 24. Qe4 Rxg5 25. Qxc6 Qg6 26. Ba5 Kh8 27. Qe4 Qg7 28. Be1 Rg8 29. Bf2 Rh5 30. Qe2 Qg2# 0-1

[Event "Leipzig VfB op 15th"]
[Site "Leipzig"]
[Date "2008.03.01"]
[Round "7"]
[White "Nerlich, Vincent"]
[Black "Wolf, Mario"]
[Result "1/2-1/2"]
[WhiteElo "1933"]
[BlackElo "1889"]
[PlyCount "100"]
[EventDate "2008.02.26"]
[EventType "swiss"]
[EventRounds "9"]
[EventCountry "GER"]
[SourceTitle "CBM 123 Extra"]
[Source "ChessBase"]
[SourceDate "2008.05.06"]
[SourceVersion "1"]
[SourceVersionDate "2008.05.06"]
[SourceQuality "1"]

1. e4 e6 2. d4 d5 3. exd5 exd5 4. Bd3 Bd6 5. Nf3 Ne7 6. Bg5 f6 7. Bh4 Bf5 8. Bg3 0-0 9. Nh4 Bxd3 10. Qxd3 c6 11. 0-0 Na6 12. c3 Nc7 13. Re1 Re8 14. Nd2 Bxg3 15. Qxg3 Nb5 16. Re6 Ng6 17. Rxe8+ Qxe8 18. Nxg6 Qxg6 19. Qxg6 hxg6 20. Re1 Kf7 21. f4 a5 22. g4 Nd6 23. Kg2 a4 24. Kf3 Nb5 25. Re3 Rh8 26. Kg3 b6 27. h3 c5 28. Nf3 c4 29. a3 Nd6 30. Nd2 Ra8 31. Kf3 Ra5 32. Re2 Rb5 33. Nf1 Rb3 34. Ne3 Nb5 35. Kf2 Nc7 36. f5 Rb5 37. Kf3 g5 38. Ng2 Ra5 39. h4 gxh4 40. Nxh4 Ra8 41. Ng6 Re8 42. Rxe8 Kxe8 43. Nf4 Ke7 44. Kg3 Kf7 45. Kh4 Ke7 46. Kh5 Kf7 47. g5 fxg5 48. Kxg5 b5 49. Kh5 Kf6 50. Kg4 Ke7 1/2-1/2

[Event "Leipzig VfB op 15th"]
[Site "Leipzig"]
[Date "2008.02.27"]
[Round "2"]
[White "Wolf, Mario"]
[Black "Winnig, Bernd"]
[Result "1-0"]
[WhiteElo "1889"]
[BlackElo "2047"]
[PlyCount "119"]
[EventDate "2008.02.26"]
[EventType "swiss"]
[EventRounds "9"]
[EventCountry "GER"]
[SourceTitle "CBM 123 Extra"]
[Source "ChessBase"]
[SourceDate "2008.05.06"]
[SourceVersion "1"]
[SourceVersionDate "2008.05.06"]
[SourceQuality "1"]

1. d4 e6 2. c4 d5 3. Nc3 Nf6 4. Bg5 Nbd7 5. Nf3 c6 6. cxd5 exd5 7. e3 Qa5 8. Bd3 Bb4 9. Qc2 h6 10. Bf4 Nh5 11. Be5 Nxe5 12. Nxe5 Nf6 13. 0-0 Bd6 14. f4 Ng4 15. Rf3 Nxe5 16. fxe5 Be7 17. Bf5 Qc7 18. Nxd5 Qd8 19. Nxe7 Qxe7 20. Raf1 Bxf5 21. Qxf5 0-0 22. Rg3 Qe6 23. Qxe6 fxe6 24. Rgf3 Rxf3 25. gxf3 Rd8 26. Rc1 Kf7 27. Kf2 g6 28. Ke2 Ke7 29. Rg1 Kf7 30. Rg4 g5 31. f4 gxf4 32. Rxf4+ Ke7 33. Rf6 Rg8 34. Kf2 h5 35. Rh6 Rf8+ 36. Kg3 Rg8+ 37. Kf4 Rg2 38. Rh7+ Kd8 39. Rxb7 Rxh2 40. Kg5 Kc8 41. Rxa7 Rxb2 42. Kxh5 Re2 43. Ra3 c5 44. Kg5 Kd7 45. Kf4 Rf2+ 46. Ke4 cxd4 47. exd4 Re2+ 48. Kd3 Rg2 49. Ra6 Rg3+ 50. Kc4 Rg1 51. Rd6+ Ke7 52. a4 Rc1+ 53. Kb5 Rb1+ 54. Ka6 Rb4 55. a5 Rb2 56. Ka7 Rb5 57. a6 Rb4 58. Rb6 Rxd4 59. Rb7+ Ke8 60. Kb6 1-0